| Tag |
First Indicator |
Second Indicator |
Subfields |
| LEADER |
00000cam a2200000 a 4500 |
| 001 |
in00000074003 |
| 005 |
20151008060129.0 |
| 008 |
800403s1979 enkabf b 00110 engm |
| 010 |
|
|
|a 80464210
|
| 015 |
|
|
|a GB***
|
| 020 |
|
|
|a 0584104618 :
|c 8.95
|
| 035 |
|
|
|a (OCoLC)06252825
|
| 035 |
|
|
|9 AAJ5162AM
|
| 040 |
|
|
|a DLC
|c DLC
|d TXA
|d UtOrBLW
|
| 043 |
|
|
|a e-gx---
|a e-gw---
|
| 049 |
|
|
|a TXAM
|c [1442733]
|
| 050 |
0 |
0 |
|a DD259
|b .P74 1979
|
| 082 |
0 |
|
|a 943.087
|
| 100 |
1 |
|
|a Prittie, Terence,
|d 1913-
|
| 245 |
1 |
4 |
|a The velvet chancellors :
|b a history of post-war Germany /
|c Terence Prittie.
|
| 264 |
|
1 |
|a London :
|b Muller,
|c 1979.
|
| 300 |
|
|
|a xii, 286 pages, 8 unnumbered pages of plates :
|b illustrations, maps ;
|c 24 cm.
|
| 336 |
|
|
|a text
|b txt
|2 rdacontent
|
| 337 |
|
|
|a unmediated
|b n
|2 rdamedia
|
| 338 |
|
|
|a volume
|b nc
|2 rdacarrier
|
| 500 |
|
|
|a Includes index.
|
| 504 |
|
|
|a Bibliography: pages [259]-266.
|
| 651 |
|
0 |
|a Germany (West)
|x History.
|
| 651 |
|
0 |
|a Germany
|x History
|y 1945-1955.
|
| 999 |
|
|
|a MARS
|
| 999 |
f |
f |
|s e5112eb8-b2e8-3428-8862-98c0ff772475
|i c9e8dc9f-55ad-38e4-aa06-18553d99f8e9
|t 0
|
| 952 |
f |
f |
|p ric
|a Texas A&M University
|b Rellis Campus
|c Joint Library Facility
|d Remote Storage
|t 0
|e DD259 .P74 1979
|h Library of Congress classification
|i unmediated -- volume
|m A14806097793
|
| 998 |
f |
f |
|a DD259 .P74 1979
|t 0
|l Remote Storage
|